LEADER 01503nam a2200373 a 4500 001 000000149428 003 CaOOAMICUS 005 20160216141317.0 008 160216s2015 it u000 u ita r 020 $a978-88-430-7815-8* 032 $aLibriCat 040 $aPUL$bita 082 04$a852.92 100 1 $aMarcacci, Flavia,$d1976-$0(OLS)http://pul/name/58835 245 10$aIntervista a Galileo / $cFlavia Marcacci e William R. Shea. 260 $aRoma :$bCarocci,$c©2015. 300 $a69 p. ;$c21 cm. 490 1 $aLingue e letterature Carocci ;$v197 490 1 $aTeatro e scienza ;$v03 504 $aBibliografia in nota. 650 4$aTeatro e societą.$0(OLS)http://pul/subject/35841 650 4$aTeatro$ySec. XX.$0(OLS)http://pul/subject/19543 700 1 $aShea, William R.$0(OLS)http://pul/name/65390 830 0$aLingue e letterature Carocci ;$v197.$0(OLS)http://pul/title/182090 830 0$aTeatro e scienza ;$v03.$0(OLS)http://pul/title/182091 850 $aPUL 852 $aPUL$W1$xSL Filosofia 3$y81$m195 MARFL 1$j172073$qDDC 21$B173694$CPULBib$Z2$F173694 $H127146 $81 941 1 $a9 961 $aPrecedente collocazione: 852. 92 MARFL 1 996 $6020$a978-88-430-7815-8*$9(OLS)http://pul/number/159705 996 $6082$a852.92$9(OLS)http://pul/classification/2906 996 $6245$aIntervista a Galileo / $9(OLS)http://pul/title/188395 996 $6260$aRoma :$bCarocci$9(OLS)http://pul/publisher/66917 LEADER 01047nam a2200229 u 4500 001 000000109370 003 CaOOAMICUS 005 20080131131000.0 008 080131s1978 it u000 u ita u 040 $aPUL$bita$dMCT 100 1 $aPapa, Antonio.$0(OLS)http://pul/name/14389 245 10$aStoria politica della radio in Italia :$bdalle origini agli anni della crisi economica 1924-1934 /$cAntonio Papa. 260 $aNapoli :$bGuida Editori,$c1978. 300 $a170 p. ;$c18 cm. 490 1 $aI tascabili ;$v 46 650 4$aRadio.$0(OLS)http://pul/subject/25498 830 2$aI Tascabili (Guida editori) ;$v 46.$0(OLS)http://pul/title/31812 850 $aPUL 852 $aPUL$W1$xDP1 Cons. Gen., Altre Classi 1$y22$m845 L 26$j125058$qStampati$B123788$CPULBib$Z2$F123788 $H65526 $82 941 1 $a8 996 $6245$aStoria politica della radio in Italia :$bdalle origini agli anni della crisi economica 1924-1934$9(OLS)http://pul/title/137597 996 $6260$aNapoli :$bGuida Editori$9(OLS)http://pul/publisher/53352